000
00290nam a22001337a 4500
008
250709b |||||||| |||| 00| 0 eng d
020
_a
NIL
050
_a
HF5351
_b
.N44
100
_a
NEEDHAM, D
245
_a
Business Studies
260
_a
London
_b
NIL
_c
1990
300
_a
580P.
942
_c
BK
999
_c
4248
_d
4248